| 000 | 01169nam a2200265 a 4500 | ||
|---|---|---|---|
| 001 | 000033380 | ||
| 003 | DO-SdBNP | ||
| 005 | 20250318152816.0 | ||
| 008 | 101011s1875 dr 000 0 spa d | ||
| 040 |
_aDO-SdBNP _bspa _cBNPHU |
||
| 082 | 4 |
_a970.016 _bC335h _222 |
|
| 100 | 1 |
_aCasas, Bartolomé de las _946241 _d1484-1566. |
|
| 245 | 1 | 0 |
_aHistoria de las Indias / _cescrita por Fray Bartolomé de las Casas, Obispo de Chiapa ; ahora por primera vez dada á luz por el Marqués de la Fuensanta del Valle y Don José Sancho Rayón. |
| 260 |
_aMadrid : _bImprenta de Miguel Ginesta, _c1875. |
||
| 300 |
_a5v. ; _c22 cm. |
||
| 500 | _aLa biblioteca posee v,1- v.3, v.5 | ||
| 600 | 0 |
_aCOLÓN, CRISTOBAL, _d1436-1456 _919795 |
|
| 650 | 4 |
_aTrato a los indígenas _zAmérica Latina _918560 |
|
| 651 | 4 |
_aAmérica -- _xDescubrimiento y exploración -- _xEspañoles _9544 _vEnsayo, conferencias, etc. |
|
| 651 | 4 |
_aEspaña _xColonias _xAmérica _9830 |
|
| 700 | 1 | 2 |
_aFuensanta del Valle, Feliciano Ramírez de Arellano _cMarqués de la, _d1826-1896. _958955 |
| 700 | 1 | 2 |
_aSancho Rayón, José, _d1830-1900. _958956 |
| 910 | _aValidado. Control de calidad MFF | ||
| 942 |
_2ddc _cLBS1 |
||
| 999 |
_c32871 _d32871 |
||